000 03541cam a2200349 i 4500
999 _c14556
_d14556
001 20558252
005 20191009103254.0
008 180626s2019 enk b 000 0 eng
010 _a 2018027235
020 _a978-1-138-30492-5 (pbk)
040 _aDLC
_beng
_cDLC
_erda
_dDLC
042 _apcc
043 _ae-uk---
050 0 0 _aLB1529.G7
_bL43 2019
082 0 0 _aDC 372.6
_22019
_bL469
245 0 0 _aLeading English in the primary school :
_ba subject leader's guide /
_cLisa Baldwin with Liz Chamberlain, Mary Scanlan, Sandy Stockwel and Neil Suggett.
260 _aLondon :
_bRoutledge ,
_c©2019
300 _axvi, 212 pages pages :
_billustrations ;
_c26 cm
504 _aIncludes bibliographical references and index.
505 0 _aCongratulations you're the subject leader / Lisa Baldwin and Liz Chamberlain -- What's in a name? / Lisa Baldwin -- Leading the English curriculum / Lisa Baldwin -- A shared vision for English / Lisa Baldwin -- Documentation supporting English / Lisa Baldwin -- Pedagogical choices in primary English / Liz Chamberlain -- Literacy in the 21st century / Sandy Stockwell -- Working in teams and managing change / Neil Suggett -- Leading school development : one school's journey / Lisa Baldwin -- Observing key features of effective English lessons / Lisa Baldwin -- Monitoring and evaluating progress / Lisa Baldwin -- Working with families to support literacy development / Mary Scanlan -- Hot topics : grammar and writing / Lisa Baldwin.
520 _a"Leading English in the Primary School is a comprehensive guide for both aspiring and experienced leaders of primary English. It supports you in navigating your way through the role and offers practical guidance to help you develop a clear understanding of how to improve the teaching of English in your school. Written by experts with extensive experience of both leadership and the primary classroom, it explores skills required for effective subject leadership whilst continually considering the specific implications for English. With action and reflection points throughout the book, it offers a detailed introduction to: - The role of the English subject leader - Implementing strategy and vision - Adapting to new educational policy - Methods for leading teaching and learning - How and why leaders evaluate and monitor progress - Contemporary changes to the curriculum Rich case studies reveal how schools lead English in practice, and provide real-life examples of English subject leaders' decision-making processes and actions. Grounding the subject leader role in the current curriculum, Leading English in the Primary School is a source of advice, support and inspiration for all professionals embracing the complex, challenging, yet fulfilling role of Primary English Leader" --
650 0 _aEnglish language
_xStudy and teaching (Primary)
_zGreat Britain.
_940253
650 0 _aLanguage arts (Primary)
_zGreat Britain.
_940254
650 0 _aEducational leadership
_zGreat Britain.
_940255
700 1 2 _aBaldwin, Lisa,
_d1971-
_tCongratulations you're the subject leader.
_940256
700 1 2 _aChamberlain, Liz.
_tPedagogical choices in primary English.
_940257
700 1 2 _aScanlan, Mary,
_d1960-
_tWorking with families to support literacy development.
_940258
365 _b2,681.00
_cPhp
906 _a7
_bcbc
_corignew
_d1
_eecip
_f20
_gy-gencatlg
942 _2ddc
_cDC